000 00554cam a22002053a 4500
001 40221
003 PGUSA
005 20140828083909.0
008 120713s2012||||xxu|||||s|||||000 | eng d
040 _aPGUSA
_beng
042 _adc
100 1 _aTrakl, Georg,
_d1887-1914
245 1 0 _aGedichte
_h[electronic resource] /
_cGeorg Trakl
260 _bProject Gutenberg,
_c2012
506 _aPublic domain in the USA.
516 _aElectronic text
830 0 _aProject Gutenberg
_v40221
856 4 0 _uhttp://www.gutenberg.org/ebooks/40221
942 _cEB
999 _c269474
_d269474